Distributed Systems : Principles and Paradigms (Record no. 11065)

000 -LEADER
fixed length control field 00747nam a2200253 a 4500
003 - CONTROL NUMBER IDENTIFIER
control field PK-NaQUE
005 - DATE AND TIME OF LATEST TRANSACTION
control field 20241115125858.0
008 - FIXED-LENGTH DATA ELEMENTS--GENERAL INFORMATION
fixed length control field 241115b ||||| |||| 00| 0 eng d
020 ## - INTERNATIONAL STANDARD BOOK NUMBER
International Standard Book Number 0130888931 (hardcover)
020 ## - INTERNATIONAL STANDARD BOOK NUMBER
International Standard Book Number 9780130888938 (hardcover)
040 ## - CATALOGING SOURCE
Transcribing agency QUEST
100 1# - MAIN ENTRY--PERSONAL NAME
Personal name Tanenbaum, Andrew S.
245 10 - TITLE STATEMENT
Title Distributed Systems : Principles and Paradigms
250 ## - EDITION STATEMENT
Edition statement 2nd ed.
260 ## - PUBLICATION, DISTRIBUTION, ETC. (IMPRINT)
Place of publication, distribution, etc [S.l.] :
Name of publisher, distributor, etc Prentice Hall,
Date of publication, distribution, etc 2012.
300 ## - PHYSICAL DESCRIPTION
Extent 793 p. ;
650 ## - SUBJECT ADDED ENTRY--TOPICAL TERM
Topical term or geographic name as entry element Electronic data processing --
650 ## - SUBJECT ADDED ENTRY--TOPICAL TERM
Topical term or geographic name as entry element (Computers)
650 ## - SUBJECT ADDED ENTRY--TOPICAL TERM
Topical term or geographic name as entry element Distributed operating systems
650 ## - SUBJECT ADDED ENTRY--TOPICAL TERM
Topical term or geographic name as entry element Distributed processing.
700 1# - ADDED ENTRY--PERSONAL NAME
Personal name Steen, Maarten van.
856 40 - ELECTRONIC LOCATION AND ACCESS
Uniform Resource Identifier http://10.10.170.122:8080/browse/book/26051
Link text eBook
942 ## - ADDED ENTRY ELEMENTS (KOHA)
Koha item type Books
Source of classification or shelving scheme
Holdings
Withdrawn status Lost status Damaged status Not for loan Permanent Location Current Location Date acquired Cost, normal purchase price Full call number Barcode Date last seen Price effective from Koha item type Shelving location
        Central Library, QUEST, Nawabshah Central Library, QUEST, Nawabshah 2014-10-22 833.00 003.74TAN 50582 2014-10-22 2014-10-22 Books  
        Central Library, QUEST, Nawabshah Central Library, QUEST, Nawabshah 2014-10-22 833.00 003.74TAN 50583 2014-10-22 2014-10-22 Books  
        Central Library, QUEST, Nawabshah Central Library, QUEST, Nawabshah 2014-10-22 833.00 003.74TAN 50584 2014-10-22 2014-10-22 Books  
        Central Library, QUEST, Nawabshah Central Library, QUEST, Nawabshah 2017-09-11 743.00 003.74TAN 56093 2017-09-11 2017-09-11 Books  
        Central Library, QUEST, Nawabshah Central Library, QUEST, Nawabshah 2017-09-11 743.00 003.74TAN 56094 2017-09-11 2017-09-11 Books  
        Central Library, QUEST, Nawabshah Central Library, QUEST, Nawabshah 2017-09-11 743.00 003.74TAN 56095 2017-09-11 2017-09-11 Books  
        Central Library, QUEST, Nawabshah Central Library, QUEST, Nawabshah 2017-09-11 743.00 003.74TAN 56096 2017-09-11 2017-09-11 Books  
        Central Library, QUEST, Nawabshah Central Library, QUEST, Nawabshah 2014-11-05 804.00 004.36TAN 38576 2024-11-06 2024-11-06 Books  
        Central Library, QUEST, Nawabshah Central Library, QUEST, Nawabshah 2014-11-05 804.00 004.36TAN 38578 2024-11-06 2024-11-06 Books  
        Central Library, QUEST, Nawabshah Central Library, QUEST, Nawabshah 2014-11-05 804.00 004.36TAN 38579 2024-11-06 2024-11-06 Books  
        Central Library, QUEST, Nawabshah Central Library, QUEST, Nawabshah 2014-11-05 804.00 004.36TAN 38580 2024-11-06 2024-11-06 Books  
        Central Library, QUEST, Nawabshah Central Library, QUEST, Nawabshah 2015-11-02 936.00 004.36TAN 53106 2024-11-06 2024-11-06 Books  
        Central Library, QUEST, Nawabshah Central Library, QUEST, Nawabshah 2015-11-02 936.00 004.36TAN 53107 2024-11-06 2024-11-06 Books  
        Central Library, QUEST, Nawabshah Central Library, QUEST, Nawabshah 2015-11-02 936.00 004.36TAN 53108 2024-11-06 2024-11-06 Books  
        Central Library, QUEST, Nawabshah Central Library, QUEST, Nawabshah 2018-05-28 848.00 004.37TAN 57634 2024-11-15 2024-11-15 Books  
        Central Library, QUEST, Nawabshah Central Library, QUEST, Nawabshah 2018-05-28 848.00 004.37TAN 57635 2024-11-15 2024-11-15 Books  
        Central Library, QUEST, Nawabshah Central Library, QUEST, Nawabshah 2017-01-12   003.74TAN D1686 2024-11-15 2024-11-15 Books  
        Central Library, QUEST, Nawabshah Central Library, QUEST, Nawabshah 2014-06-06 389.00 003.74TAN 28905 2024-11-15 2024-11-15 Books  
        Central Library, QUEST, Nawabshah Reference Section 2017-09-11 743.00 003.74TAN 56092 2017-09-11   Books  
        Reference Section Reference Section 2014-11-05 804.00 005.4476 TAN (Shelf -03F) 38577 2024-11-06   Books Reference
        Reference Section Reference Section 2018-05-28 848.00 005.4476 TAN (Shelf -03F) 57633 2024-11-15 2024-11-15 Books Reference

Copyright © 2018,The QUEST, Nawabshah, Shaheed Benazirabad. All rights reserved
Mr. G. Farooq Channar (Librarian) QUEST, Nawabshah, Sindh, Pakistan 67480.
 Ph#: |   0244-9370381-4 Ext. 2308   Email| lib@quest.edu.pk   Web|  http://www.quest.edu.pk